| 000 | 01428nam a22004097a 4500 | ||
|---|---|---|---|
| 001 | 349 | ||
| 003 | FISKH | ||
| 005 | 20230328132256.0 | ||
| 008 | 230328b cb ||||| |||| 00| 0 eng d | ||
| 020 | _a9780439918695 | ||
| 035 | _a(OCoLC)ocn179798502 | ||
| 040 |
_aBTCTA _cBTCTA _dBAKER _dON8 _dEYP _dIH7 _dIHI _dEHH _dDLC _dFISKH |
||
| 042 | _alccopycat | ||
| 050 | 0 | 0 |
_aPZ7.S86037 _bGoo 2008 |
| 082 |
_a813.54 _223 |
||
| 100 | 1 |
_aStine, R. L. _d1943- _qRobert Lawrence Stine |
|
| 245 | 1 | 0 |
_aGoosebumps HorrorLand. _n#1, _pRevenge of the living dummy / _cR.L. Stine. |
| 246 | 3 | 0 | _aRevenge of the living dummy |
| 260 |
_aNew York : _bScholastic, _c2008. |
||
| 300 |
_a128 pages. : _bill., map ; _c20 cm. |
||
| 490 | 1 | _aGoosebumps HorrorLand | |
| 505 | _aF | ||
| 520 | _aBritney battles against her cousin's new ventriloquist dummy and discovers a frightening secret in a new amusement park called HorrorLand. | ||
| 521 | 8 |
_a450
_bLexile |
|
| 521 | 8 |
_aF
_bRaz-Plus |
|
| 650 | 0 |
_aMonsters _vJuvenile fiction. |
|
| 650 | 1 |
_aAmusement parks _vFiction. |
|
| 650 | 1 |
_aPuppets _vFiction. |
|
| 650 | 1 | _aHorror stories. | |
| 650 | 7 |
_aAmusement parks _vFiction. _2sears |
|
| 650 | 7 |
_aPuppets and puppet plays _vFiction. _2sears |
|
| 650 | 7 |
_aHorror fiction. _2sears |
|
| 655 | 0 | _aHorror tales. | |
| 800 | 1 |
_aStine, R. L. _tGoosebumps HorrorLand ; _v#1. |
|
| 906 |
_a7 _bcbc _ccopycat _d2 _encip _f20 _gy-gencatlg |
||
| 942 |
_2ddc _cBK _n0 |
||
| 999 |
_c349 _d349 |
||